000 00444nam a2200181Ia 4500
001 11640
005 20260306162843.0
008 260306t1990||||xx |||||||||||||| ||spa||
041 _aESP
082 _a985.61
_bF63
100 _aFlores Ochoa , Jorge A., 1935
_eAUT
245 0 _aEl Cuzco:
_bresistencia y continuidad
260 _c1990
300 _a158 páginas :
_c20 cm.
650 _aGEN
654 _aCHU
942 _cLIB
_dJUS
_fJUS
_2ddc
_n
999 _c11640
_d11640